What language is this? #3 - Statistics

General Stats
  • This quiz has been taken 40 times
  • The average score is 9 of 15
Answer Stats
Hint Answer % Correct
由于自转,地球赤道处凸起,两极处较平。这种形状被称为扁球体。这意味着你站在赤道处的体重会比站在北极略轻!也就是说,珠穆朗玛峰相对于地球中心而言,严格来说并非地球的最高点。 Chinese (simplified)
100%
Você chegou à parte 3 do quiz, o que significa que agora é um especialista em pássaros e dinossauros. Espero que tenha gostado desta série até agora. A próxima edição será focada no planeta Terra. Divirta-se! Portuguese
88%
In de buurt van India bevindt zich op de oceaanbodem een ​​gebied waar de zwaartekracht aanzienlijk lager is dan het wereldwijde gemiddelde. Dit gebied staat bekend als het Geoïde Laag van de Indische Oceaan en onderzoekers denken dat het mogelijk wordt veroorzaakt door oude tektonische activiteit of een verzonken korstlaag diep onder het oppervlak. De zeespiegel is daar feitelijk lager door de zwakkere zwaartekracht. Het is als een natuurlijke dip in het onzichtbare weefsel van de planeet. Dutch
85%
Miljardeja vuosia sitten, ennen kuin happea oli runsaasti, ilmakehässä on saattanut olla paljon metaania. Yhdessä verkkokalvoon perustuvia pigmenttejä käyttävän mikrobielämän kanssa varhainen Maa on saattanut näyttää violetilta Auringon alla. On vaikea kuvitella sinisen taivaan korvautuvan jollain oudomman näköisellä. Elämä itsessään on saattanut muuttaa taivaan väriä. Finnish
82%
Malgrat el que digui el teu cosí de Facebook, la Terra no és plana. Si ho fos, tindríem una vora per la qual caure, les companyies aèries cobrarien un suplement per evitar les cantonades i les postes de sol serien iguals a tot arreu. Però en canvi, tenim satèl·lits que orbiten al voltant del globus, ombres rodones durant els eclipsis i fusos horaris que només tenen sentit en una esfera. Així doncs, tret que la NASA, els pilots de les companyies aèries i la mateixa gravetat estiguin tots junts en la mateixa broma de segles, podem dir amb seguretat que la Terra no és plana. Catalan
73%
पृथ्वी का एक दूसरा चंद्रमा भी है। कामोआलेवा नामक एक छोटा क्षुद्रग्रह सूर्य के चारों ओर एक अजीब पथ का अनुसरण करता है जो इसे पृथ्वी के पास रखता है। यह वास्तविक चंद्रमा नहीं है, लेकिन यह एक अर्ध-उपग्रह की तरह कार्य करता है, जो सदियों से एक स्थिर कक्षा में हमारे चारों ओर चक्कर लगाता है। यह केवल 50 मीटर चौड़ा है, और इसे केवल 2016 में खोजा गया था। यह एक अनुस्मारक है कि हमारे कुछ पड़ोसी हो सकते हैं जिन्हें हम शायद ही कभी नोटिस करते हैं। Hindi
73%
Kutuplar tamamen dönmemiş olsa bile, manyetik alanın bazı kısımları yerel bölgelerde geçici olarak dönebilir. Bunlara jeomanyetik anomaliler denir ve uydular ve radyo sinyalleriyle etkileşime girebilir. En bilinenlerinden biri, yörüngedeki elektroniklerin bozulmasına neden olan Güney Atlantik Anomalisi'dir. Dünya'nın manyetik kalkanı, çoğu insanın düşündüğünden daha düzensiz ve karmaşıktır. Turkish
67%
Zhruba před 6 000 až 7 000 lety byla severní Afrika plná řek, jezer a vegetace. Důkazy o starověkých rybářských pastích, jeskynním umění a zemědělských komunitách ukazují, že zde kdysi prosperoval život. Změny v náklonu a oběžné dráze Země způsobily pohyb monzunů, které oblast vysušily. Saharská poušť je mladší než pyramidy. Czech
64%
பூமி தட்டையானது அல்ல என்பதை நிரூபிக்க ஒரு எளிய வழி, இரண்டு வெவ்வேறு உயரங்களில் இருந்து சூரிய அஸ்தமனத்தைப் பார்ப்பது. முதலில், தரையில் இருந்து சூரியன் மறைவதைப் பாருங்கள், பின்னர் விரைவாக ஒரு மலை அல்லது உயரமான கட்டிடம் போன்ற உயரமான இடத்திற்குச் செல்லுங்கள். உயர்ந்த நிலையில் இருந்து சிறிது நேரம் கழித்து சூரியன் மறைவதை நீங்கள் கவனிப்பீர்கள். இது பூமியின் வளைவின் காரணமாக மட்டுமே நிகழ்கிறது. தட்டையான பூமியில், சூரிய அஸ்தமனம் இரண்டு இடங்களிலிருந்தும் ஒரே மாதிரியாகத் தெரியும். Tamil
52%
Habang natutunaw ang mga glacier at nagbabago ang pamamahagi ng tubig, bahagyang gumagalaw ang axis ng pag-ikot ng Earth. Ito ay tinatawag na "true polar wander." Ang mga aktibidad ng tao tulad ng groundwater pumping ay maaari ring makaimpluwensya sa balanse ng planeta. Ito ay isang paalala na hinuhubog natin ang planeta sa mga paraang hindi natin laging naiisip. Filipino
48%
Се проценува дека ситни зрна ѕвездена прашина вградени во метеорит што паднал во Австралија се стари над 7 милијарди години. Земјата е стара „само“ 4,5 милијарди години, па затоа овој материјал е постар од Сончевиот систем. Овие честички веројатно се формирале во древни ѕвезди што експлодирале пред раѓањето на нашето Сонце. Држењето на нив е како држење дел од космичката историја. Macedonian
45%
Жерде көптеген жер асты өзендер бар. Олардың кейбіреулері «жер асты өзендері» деп аталады және олар құрғақ жердің немесе тіпті басқа өзендердің астында ағып кетуі мүмкін. Осындай жасырын өзендердің бірі, Бразилиядағы Хамза өзені Амазонканың астынан мыңдаған шақырым ағып жатыр. Ол жер бетіндегі өзеннен әлдеқайда баяу, бірақ кеңдігі дерлік. Бұл құпия су жолдары гидрологиялық циклдің көрінгеннен гөрі күрделірек екенін көрсетеді. Kazakh
36%
जर तुम्ही अणूंमधील रिकामी जागा काढून टाकली तर संपूर्ण मानवजाती साखरेच्या एका क्यूबमध्ये बसेल. मानवजातीमध्ये सात अब्ज लोक आहेत आणि आपल्या शरीरात अणूंमधील जागा नसती तर आपण सर्वजण लक्षणीयरीत्या लहान असू. मानवी अणू इलेक्ट्रॉनांनी वेढलेल्या एका लहान केंद्रकापासून बनलेले असतात - ज्यापैकी सुमारे ९९.९९ टक्के जागा फक्त रिकामी असते. Marathi
36%
Plateau Tibetan waxaa badanaa loo yaqaan 'cirka saddexaad' taas oo ay ugu wacan tahay cadadka biyaha macaan ee ka kooban. Iyada oo leh in ka badan 46 000 glaciers, Plateau Tibetan waxay haysaa kaydka ugu weyn ee biyaha macaan ee ka baxsan Waqooyiga iyo Cirifka Koonfureed. Barafkan ayaa quudiya wabiyada dhex mara gobolka, oo ay ku jiraan Mekong, Yangtze, iyo Yellow River, kuwaas oo siinaya il muhiim ah oo biyo ah malaayiin qof oo ku nool Shiinaha iyo Koonfur-bari Aasiya. Somali
24%
Sînorê di navbera manto û navika Erdê de bi qasî 3,000 kîlometreyan di bin lingên me de ye - tenê bi dirêjahiya tevahî ya Rêya 66 a îkonîk a Amerîkayê re kêmtir e. Ev tê vê wateyê ku heke hûn bikaribana rasterast ber bi jêr ve biçin ne ku ber bi rojava ve, hûn ê hema hema bigihîjin sînorê navik-manto. Ev rêbazek kêfxweş e ku hûn hundurê Erdê yê berfireh bidin ber çavan. Derdikeve holê ku Rêya 66 ne tenê dirêj e - ew hema hema nîşana nîvê binê erdê ya Erdê ye. Kurdish
9%
No matching quizzes found
Score Distribution
Percent of People with Each Score
Percentile by Number Answered
Your Score History
You have not taken this quiz